Speculative Management : Stock Market Power and Corporate Change /

שמור ב:
מידע ביבליוגרפי
מחבר ראשי: Krier, Dan (autor)
פורמט: ספר
שפה:אנגלית
יצא לאור: Nueva York, EUA : State University of New York, 2005, c2005
סדרה:(SUNY Series in the Sociology of Work and Organizations)
נושאים:
תגים: הוספת תג
אין תגיות, היה/י הראשונ/ה לתייג את הרשומה!

MARC

LEADER 00000nam^a2200000^a^4500
001 000182648
005 20250521000000.0
009 20260310102014.101
020 |a 0-7914-6350-8 
037 |a Acervo ITESO - Biblioteca 
041 |a ING 
082 |a 338. 70973  |b KRI 
100 |a Krier, Dan  |e (autor) 
245 1 0 |a Speculative Management :  |b Stock Market Power and Corporate Change /  |c D. Krier. 
264 4 |a Nueva York, EUA :  |b State University of New York,  |c 2005, c2005 
300 |a XII, 315 p. 
336 |a texto  |b txt  |2 rdacontenido 
337 |a sin mediación  |b n  |2 rdamedio 
338 |a volumen  |b nc  |2 rdasoporte 
440 1 |a (SUNY Series in the Sociology of Work and Organizations) 
649 |a XX 
650 |a Empresas -  |z EUA 
650 |a Industria -  |z EUA 
650 |a Paraestatales -  |z EUA 
650 |a Especulación (Economía) 
650 |a Mercado de Capitales 
650 |a Cambio Organizacional 
650 |a Empresa y Gobierno -  |z EUA 
650 |a Economía 
910 |a Fondo General 
920 |a Impresos - Libros 
930 |a Colección General 
905 |a 101 
901 |a 0500122830  |b IT1  |c ACC  |u 20250521 
902 |a https://opac.biblio.iteso.mx/vufind/Record/000182648